| 000 | 00456nab a2200145Ia 4500 | ||
|---|---|---|---|
| 003 | ES-SlBCS | ||
| 005 | 20210601131737.0 | ||
| 008 | 140529s1953 xxu||||| |||| 00| 0 fre d | ||
| 041 | _afre | ||
| 100 | 1 |
_aBarth, Maurice _9188493 |
|
| 245 | 0 | 0 |
_aLes variations de la politique religieuse en Allemagne soviétique _c Maurice Barth |
| 650 | 0 | 4 |
_aPolítica Religiosa _9188494 |
| 773 | 0 |
_tVie Intelectuelle (La) _gnº. 7, 1953, págs. 52-61 _wRev907 |
|
| 942 | _cAR | ||
| 999 |
_c568051 _d568051 |
||